000 01194nam a2200241Ia 4500
003 Ost
005 20260507075448.0
008 260507s9999||||xx |||||||||||||| ||und||
040 _cfsecg
041 _aara
082 _a330
100 _aالصيرفي، محمد
_eمؤلف
245 0 _aالشراء الالكتروني /
_c محمد الصيرفي
260 _aالاسكندرية:
_bدار الفكر الجامعي,
_c2008
300 _a384 صفحة؛
504 _aبيبليوغرافيا ص. 377
520 _aيتضمن هذا الكتاب للفصول التالية :الفصل الأول : ماهية الشراء وأهميته-الفصل الثاني : إجراءات الشراء ومستنداته-الفصل الثالث : عملية الشراء-الفصل الرابع: تقييم أداء وظيفة الشراء-الفصل الخامس شراء المعدات الرأسمالية-الفصل السادس : الشراء الحكومي-الفصل السابع : الحاسب الآلي والمشتريات
653 _aحاسوب
653 _aشراء الكتروني
653 _aشراء حكومي
653 _aمشتريات
942 _cكتاب
999 _c44605
_d44605